El socialismo católico / (Record no. 160710)

MARC details
000 -LEADER
campo de control de longitud fija 00913nam a2200217 i 4500
001 - NÚMERO DE CONTROL
campo de control 160710
003 - IDENTIFICADOR DE NÚMERO DE CONTROL
campo de control ES-MaACL
005 - FECHA Y HORA DE LA ÚLTIMA TRANSACCIÓN
campo de control 20250727034612.0
008 - DATOS DE LONGITUD FIJA--INFORMACIÓN GENERAL
campo de control de longitud fija 931025s1893 sp |||| | spa d
080 ## - NÚMERO DE LA CLASIFICACIÓN DECIMAL UNIVERSAL
Número de la Clasificación Decimal Universal 330.875.2
100 1# - ENTRADA PRINCIPAL--NOMBRE DE PERSONA
Nombre de persona Nitti, Francesco Saverio (
Fechas asociadas al nombre 1868-1953)
9 (RLIN) 130500
245 13 - MENCIÓN DEL TÍTULO
Título El socialismo católico /
Mención de responsabilidad, etc. por Francisco Nitti ; traducción española de la tercera edición italiana, todavía inédita, por P. Dorado ; con un prólogo de Adolfo Buylla.
260 ## - PUBLICACIÓN, DISTRIBUCIÓN, ETC.
Lugar de publicación, distribución, etc. Salamanca :
Nombre del editor, distribuidor, etc. [s.n.],
Fecha de publicación, distribución, etc. 1893 (
Fabricante Imp. de Francisco Núñez Izquierdo)
300 ## - DESCRIPCIÓN FÍSICA
Extensión XXXII, 371 p., XLV, 2 h. ;
Dimensiones 22 cm.
650 #7 - PUNTO DE ACCESO ADICIONAL DE MATERIA--TÉRMINO DE MATERIA
Término de materia o nombre geográfico como elemento de entrada Socialismo cristiano
Fuente del encabezamiento o término embne
9 (RLIN) 144517
650 #7 - PUNTO DE ACCESO ADICIONAL DE MATERIA--TÉRMINO DE MATERIA
Término de materia o nombre geográfico como elemento de entrada Iglesia y problemas sociales
Fuente del encabezamiento o término embne
9 (RLIN) 13569
700 1# - ENTRADA AGREGADA--NOMBRE PERSONAL
Nombre de persona Dorado, P.
9 (RLIN) 126830
700 1# - ENTRADA AGREGADA--NOMBRE PERSONAL
Nombre de persona Buylla y González Alegre, Adolfo A.,
Fechas asociadas al nombre 1850-1927
9 (RLIN) 32991
852 ## - LOCALIZACIÓN
Ubicación ES-MaACL
Número de control de estantería F-14455
Nota libre - Enc. pasta española
Holdings
Estatus retirado Estado de pérdida Estado de daño No para préstamo Colección Biblioteca de origen Biblioteca actual Ubicación en estantería Fecha de adquisición Fuente de adquisición Total de préstamos Signatura topográfica completa Código de barras Visto por última vez Precio de reemplazo Tipo de ítem Koha
        Libros del s. XIX Biblioteca del Ateneo de Madrid Biblioteca del Ateneo de Madrid Sala Pecera Planta 2 17/01/2008     F-14455 1168291 23/02/2023 23/02/2023 Libro impreso antiguo